Sledovanie osôb pomocou viacerých bezpečnostných kamier s využitím neurónových sietí optimalizovaných pre IOT zariadenia

Salvato in:
Dettagli Bibliografici
Autore principale: Horka, Adam (Autore)
Altri autori: Kajan, Slavomír (Relatore della tesi)
Natura: Manoscritto Libro
Lingua:slovacco
Pubblicazione: Bratislava : STU v Bratislave FEI, 2023
Soggetti:
Accesso online:https://opac.crzp.sk/?fn=detailBiblioFormChildMBNF0&sid=72C4190EA10FC8F71DD502D508EF&seo=CRZP-detail-kniha
Tags: Aggiungi Tag
Nessun Tag, puoi essere il primo ad aggiungerne!!

MARC

LEADER 00000ntm a22000003a 4500
001 stuzp91984
003 SK-STU
005 20241204123241.1
007 ta
008 150427s2015----xo-----f-mn---000-0-slo-d
040 |a STU  |b slo 
041 0 |a slo 
044 |a xo 
100 1 |a Horka, Adam  |u 031000  |4 aut  |U FEI Fakulta elektrotechniky a informatiky  |T FEI Ústav robotiky a kybernetiky  |X 98334  |U E011  |Y 356  |7 98334 
242 0 1 |a Tracking People with Multiple Security Cameras Using Neural Networks Optimized for IOT Devices  |y eng 
245 1 0 |a Sledovanie osôb pomocou viacerých bezpečnostných kamier s využitím neurónových sietí optimalizovaných pre IOT zariadenia 
260 |a Bratislava :  |b STU v Bratislave FEI,  |c 2023 
300 |a 54 s. 
650 4 |a umelé neurónové siete  |2 slo 
650 4 |a sledovanie osôb  |2 slo 
650 4 |a docker  |2 slo 
650 4 |a re-identifikácia  |2 slo 
650 4 |a konvolučná sieť  |2 slo 
650 4 |a re-identification  |2 eng 
650 4 |a artificial neural networks  |2 eng 
650 4 |a convolutional neural networks  |2 eng 
650 4 |a person tracking  |2 eng 
650 4 |a docker  |2 eng 
700 1 |a Kajan, Slavomír  |u 031000  |k Z1  |4 ths  |U FEI Fakulta elektrotechniky a informatiky  |T FEI Ústav robotiky a kybernetiky  |X 4240  |U E011  |Y 356  |7 A000004240 
856 4 |u https://opac.crzp.sk/?fn=detailBiblioFormChildMBNF0&sid=72C4190EA10FC8F71DD502D508EF&seo=CRZP-detail-kniha